[Event "Rhodes Easter Cup"]
[Site "Rhodes"]
[Date "2022.04.29"]
[Round "9"]
[White "Angelov, Zvetomir"]
[Black "Skytte, Rasmus"]
[Result "0-1"]
[WhiteElo "2084"]
[BlackElo "2357"]
[PlyCount "83"]
[EventDate "2022.04.21"]
[EventType "swiss"]
[EventRounds "9"]
[EventCountry "GRE"]
[SourceTitle "CBM 208 Extra"]
[Source "ChessBase"]
[SourceDate "2022.07.31"]
[SourceVersion "1"]
[SourceVersionDate "2022.07.31"]
[SourceQuality "1"]

1. d4 Nf6 2. Bf4 d5 3. Nf3 c5 4. c3 Nc6 5. e3 Qb6 6. Qb3 c4 7. Qc2 Bf5 8. Qc1 Nh5 9. Bg5 h6 10. Bh4 g5 11. Bg3 e6 12. Be2 Nxg3 13. hxg3 Be7 14. Bd1 h5 15. Bc2 Bxc2 16. Qxc2 f5 17. Nbd2 0-0-0 18. b3 cxb3 19. axb3 Kb8 20. b4 h4 21. gxh4 g4 22. Ng1 Bxh4 23. g3 Be7 24. Rxh8 Rxh8 25. Nb3 Rh1 26. Kf1 Rh2 27. Na5 Nxa5 28. Rxa5 Qc7 29. Ra2 b6 30. Ne2 Bd6 31. Ke1 Rh1+ 32. Kd2 Rf1 33. Qa4 Rxf2 34. Qe8+ Qc8 35. Qa4 a6 36. Ke1 Rf3 37. Kd2 Bxg3 38. Ra1 Bf2 39. Rh1 Bxe3+ 40. Kd3 Qc4+ 41. Kc2 Qxe2+ 42. Kb1 0-1

[Event "Rhodes Easter Cup"]
[Site "Rhodes"]
[Date "2022.04.27"]
[Round "7"]
[White "Angelov, Zvetomir"]
[Black "Yaramis, Hakan"]
[Result "1/2-1/2"]
[WhiteElo "2084"]
[BlackElo "2021"]
[PlyCount "116"]
[EventDate "2022.04.21"]
[EventType "swiss"]
[EventRounds "9"]
[EventCountry "GRE"]
[SourceTitle "CBM 208 Extra"]
[Source "ChessBase"]
[SourceDate "2022.07.31"]
[SourceVersion "1"]
[SourceVersionDate "2022.07.31"]
[SourceQuality "1"]

1. c4 Nf6 2. Nc3 g6 3. d4 Bg7 4. e4 d6 5. Be2 0-0 6. h4 e5 7. d5 c6 8. h5 cxd5 9. cxd5 Nbd7 10. g4 Nc5 11. f3 a5 12. Be3 Bd7 13. Qd2 Rc8 14. Bh6 Qe7 15. Rd1 Rc7 16. Nh3 Bxg4 17. Bxg7 Kxg7 18. fxg4 Nfxe4 19. Nxe4 Nxe4 20. Qe3 Qh4+ 21. Nf2 Qxf2+ 22. Qxf2 Nxf2 23. Kxf2 Rc2 24. Rc1 Rxb2 25. Rb1 Rxa2 26. Rxb7 a4 27. Rc1 Rd2 28. Rb5 Ra8 29. Ke3 Rd4 30. Rc4 a3 31. Rb1 a2 32. Ra1 Ra3+ 33. Kf2 Rxd5 34. Rc2 Rda5 35. hxg6 hxg6 36. Bc4 R5a4 37. g5 Kf8 38. Bxa2 Rf4+ 39. Ke2 Rg4 40. Rf1 Ra7 41. Rc8+ Kg7 42. Bd5 Rxg5 43. Rd8 Rh5 44. Rxd6 Rh2+ 45. Rf2 Rxf2+ 46. Kxf2 f5 47. Re6 e4 48. Bxe4 fxe4 49. Rxe4 Ra3 50. Kg2 Kf6 51. Rc4 Kg5 52. Rc8 Kh4 53. Rc4+ Kh5 54. Rc8 g5 55. Rc4 Ra2+ 56. Kg3 Ra3+ 57. Kg2 g4 58. Rc8 Ra2+ 1/2-1/2

[Event "Cappelle Online Blitz op"]
[Site "Europe Echecs INT"]
[Date "2022.01.09"]
[Round "10"]
[White "Angelov, Zvetomir"]
[Black "Vine, Thibault"]
[Result "1/2-1/2"]
[WhiteElo "2084"]
[BlackElo "1850"]
[PlyCount "74"]
[EventDate "2022.01.09"]
[EventType "swiss (blitz)"]
[EventRounds "11"]
[EventCountry "FRA"]
[SourceTitle "EXT 2023"]
[Source "ChessBase"]
[SourceDate "2022.10.05"]
[SourceVersion "1"]
[SourceVersionDate "2022.10.05"]
[SourceQuality "1"]

1. Nf3 c5 2. g3 Nf6 3. Bg2 e6 4. c4 d5 5. cxd5 exd5 6. d4 Nc6 7. 0-0 Be7 8. dxc5 Bxc5 9. Nbd2 0-0 10. Nb3 Bb6 11. Bg5 h6 12. Bd2 Ne4 13. Bf4 Be6 14. Nbd4 Nxd4 15. Nxd4 Bxd4 16. Qxd4 Qf6 17. Be5 Qg6 18. Rac1 Rac8 19. Qxa7 Rxc1 20. Rxc1 Qh5 21. Bd4 Qxe2 22. Qa5 Ng5 23. Qc3 Nh3+ 24. Bxh3 Bxh3 25. Bxg7 Re8 26. Bxh6 Qg4 27. Qf6 d4 28. Qg5+ Qxg5 29. Bxg5 d3 30. f3 Re2 31. Rd1 Rg2+ 32. Kh1 Rxb2 33. a4 Ra2 34. Kg1 Rg2+ 35. Kh1 Ra2 36. Kg1 Rg2+ 37. Kh1 Ra2 1/2-1/2

[Event "Cappelle Online Blitz op"]
[Site "Europe Echecs INT"]
[Date "2022.01.09"]
[Round "9"]
[White "Di Nicolantonio, Lucas"]
[Black "Angelov, Zvetomir"]
[Result "1-0"]
[WhiteElo "2416"]
[BlackElo "2084"]
[PlyCount "113"]
[EventDate "2022.01.09"]
[EventType "swiss (blitz)"]
[EventRounds "11"]
[EventCountry "FRA"]
[SourceTitle "EXT 2023"]
[Source "ChessBase"]
[SourceDate "2022.10.05"]
[SourceVersion "1"]
[SourceVersionDate "2022.10.05"]
[SourceQuality "1"]

1. e4 d5 2. exd5 Qxd5 3. Nf3 Qe6+ 4. Be2 Qg6 5. 0-0 Bh3 6. Ne1 Bf5 7. d4 Nc6 8. Be3 0-0-0 9. c4 Nxd4 10. Bxd4 e5 11. Nf3 exd4 12. Nh4 Qf6 13. Nxf5 d3 14. Bg4 h5 15. Bh3 g5 16. Nc3 g4 17. Bxg4 hxg4 18. Qxg4 Kb8 19. Rad1 Nh6 20. Nxh6 Qxh6 21. h3 Bc5 22. Qf3 Qg6 23. Ne4 Bd6 24. Rxd3 Be5 25. Rxd8+ Rxd8 26. Rd1 Rg8 27. b3 b6 28. g3 f5 29. Nd2 Bd4 30. Nf1 Bc5 31. Rd5 f4 32. Qxf4 Bd6 33. Qf3 Qb1 34. Qe2 Rf8 35. Rd1 Qh7 36. Kg2 Rh8 37. h4 Rg8 38. Rd4 Bc5 39. Rg4 Rf8 40. Ne3 Qh5 41. a4 a5 42. Qd1 Ka7 43. Qd5 Qh7 44. Qg5 Bxe3 45. Qxe3 Qd7 46. Rf4 Re8 47. Qf3 Re7 48. Rf6 Qd2 49. c5 bxc5 50. Qc6 Qd8 51. Qa6+ Kb8 52. Qb5+ Kc8 53. Qxc5 Re8 54. Rf7 Kb8 55. Qb5+ Kc8 56. Qxa5 Qd6 57. Qa8# 1-0

[Event "Stara Zagora Trayana Spring"]
[Site "Stara Zagora"]
[Date "2021.03.20"]
[Round "7"]
[White "Drenchev, Petar"]
[Black "Angelov, Zvetomir"]
[Result "1-0"]
[WhiteElo "2452"]
[BlackElo "2073"]
[PlyCount "71"]
[EventDate "2021.03.20"]
[EventType "swiss"]
[EventRounds "7"]
[EventCountry "BUL"]
[SourceTitle "EXT 2022"]
[Source "ChessBase"]
[SourceDate "2021.10.06"]
[SourceVersion "1"]
[SourceVersionDate "2021.10.06"]
[SourceQuality "1"]

1. d4 Nf6 2. c4 c5 3. d5 b5 4. cxb5 a6 5. bxa6 Bxa6 6. Nc3 g6 7. g3 d6 8. Bg2 Bg7 9. Nf3 Nbd7 10. 0-0 0-0 11. Qc2 Qa5 12. Bd2 Ng4 13. Rab1 Nge5 14. b3 Nxf3+ 15. Bxf3 Ne5 16. Bg2 Rfb8 17. Rfd1 Bc8 18. h3 Bf5 19. e4 Bc8 20. a4 Ba6 21. Be1 Qb6 22. Kh2 Nd7 23. f4 Ra7 24. Bf2 Qb4 25. Na2 Qa3 26. Be3 Rab7 27. Bc1 Qxb3 28. Rxb3 Rxb3 29. Bf1 Bxf1 30. Rxf1 Rb2 31. Bxb2 Rxb2 32. Qxb2 Bxb2 33. Rb1 Bd4 34. a5 Nf6 35. a6 c4 36. Rb4 1-0

[Event "Belgrade ChessAmateur op 5th"]
[Site "Belgrade"]
[Date "2019.01.10"]
[Round "9"]
[White "Voiteanu, Christian Gabriel"]
[Black "Angelov, Zvetomir"]
[Result "1-0"]
[WhiteElo "2158"]
[BlackElo "2080"]
[PlyCount "40"]
[EventDate "2019.01.04"]
[EventType "swiss"]
[EventRounds "9"]
[EventCountry "SRB"]
[SourceTitle "CBM 188 Extra"]
[Source "ChessBase"]
[SourceDate "2019.02.26"]
[SourceVersion "1"]
[SourceVersionDate "2019.02.26"]
[SourceQuality "1"]

1. d4 Nf6 2. c4 c5 3. Nf3 g6 4. g3 b6 5. Bg2 Bb7 6. d5 b5 7. Nfd2 d6 8. Nc3 b4 9. Nce4 Nbd7 10. h4 Bg7 11. Nxf6+ Nxf6 12. Ne4 a5 13. Nxf6+ exf6 14. h5 f5 15. e4 fxe4 16. Bxe4 0-0 17. Qc2 Re8 18. Kf1 Qf6 19. Rb1 a4 20. Rh4 Bc8 1-0

[Event "Dyuni op 2nd"]
[Site "Dyuni"]
[Date "2016.09.04"]
[Round "6"]
[White "Angelov, Zvetomir"]
[Black "Kralevski, Aleksander"]
[Result "0-1"]
[WhiteElo "1984"]
[BlackElo "2130"]
[PlyCount "74"]
[EventDate "2016.09.02"]
[EventType "swiss"]
[EventRounds "7"]
[EventCountry "BUL"]
[SourceTitle "CBM 174 Extra"]
[Source "ChessBase"]
[SourceDate "2016.10.10"]
[SourceVersion "1"]
[SourceVersionDate "2016.10.10"]
[SourceQuality "1"]

1. d4 d5 2. Bf4 Nf6 3. Nf3 e6 4. e3 Be7 5. Bd3 Nh5 6. Be5 Nd7 7. Nbd2 Nxe5 8. Nxe5 Nf6 9. Qf3 Bd6 10. Qg3 g6 11. f4 c5 12. c3 Be7 13. 0-0 Nh5 14. Qf2 f5 15. Bb5+ Kf8 16. Be2 Nf6 17. g4 Kg7 18. Kh1 Bd6 19. g5 Nd7 20. Nef3 a5 21. Kg2 Rb8 22. h4 b5 23. h5 b4 24. Rh1 a4 25. a3 bxc3 26. bxc3 c4 27. Rh2 Nf8 28. Rah1 gxh5 29. Rxh5 Kf7 30. g6+ Nxg6 31. Qg3 Qg8 32. Ng5+ Ke8 33. Nxh7 Be7 34. Rh6 Nf8 35. Ng5 Rxh6 36. Rxh6 Rb2 37. Bh5+ Kd7 0-1

[Event "Blagoevgrad op"]
[Site "Blagoevgrad"]
[Date "2013.10.04"]
[Round "9"]
[White "Angelov, Zvetomir"]
[Black "Spasova, Tsvetelina"]
[Result "0-1"]
[WhiteElo "2108"]
[BlackElo "1765"]
[PlyCount "48"]
[EventDate "2013.09.28"]
[EventType "swiss"]
[EventRounds "9"]
[EventCountry "BUL"]
[SourceTitle "CBM 156 Extra"]
[Source "ChessBase"]
[SourceDate "2013.10.22"]
[SourceVersion "1"]
[SourceVersionDate "2013.10.22"]
[SourceQuality "1"]

1. c4 g6 2. Nc3 Bg7 3. e4 Nc6 4. Nf3 e5 5. Be2 d6 6. 0-0 Nge7 7. d3 0-0 8. Be3 Nd4 9. Re1 h6 10. Qd2 Kh7 11. h3 f5 12. exf5 Nexf5 13. Bxd4 Nxd4 14. Nd5 Nxf3+ 15. Bxf3 Bxh3 16. Rad1 c6 17. Nb4 h5 18. Bxc6 bxc6 19. gxh3 Bh6 20. Qe2 Qh4 21. Kg2 Rf6 22. Rh1 Raf8 23. Rdf1 Rf5 24. Rh2 Bf4 0-1

[Event "Blagoevgrad op"]
[Site "Blagoevgrad"]
[Date "2013.10.02"]
[Round "7"]
[White "Angelov, Zvetomir"]
[Black "Vujacic, Borivoje"]
[Result "0-1"]
[WhiteElo "2108"]
[BlackElo "2294"]
[PlyCount "150"]
[EventDate "2013.09.28"]
[EventType "swiss"]
[EventRounds "9"]
[EventCountry "BUL"]
[SourceTitle "CBM 156 Extra"]
[Source "ChessBase"]
[SourceDate "2013.10.22"]
[SourceVersion "1"]
[SourceVersionDate "2013.10.22"]
[SourceQuality "1"]

1. d4 Nf6 2. Bg5 Ne4 3. Bf4 c5 4. f3 Nf6 5. d5 Qb6 6. Bc1 e6 7. c4 d6 8. e4 g6 9. Nc3 Bg7 10. Bd3 exd5 11. exd5 0-0 12. Nge2 Nbd7 13. b3 a6 14. 0-0 Ne5 15. Bc2 Re8 16. Bg5 Qc7 17. a4 b6 18. Qd2 Nh5 19. Rae1 f5 20. Nf4 Nxf4 21. Bxf4 Bd7 22. Bd3 Qd8 23. Bg5 Bf6 24. Bxf6 Qxf6 25. f4 Ng4 26. Be2 Ne3 27. Rf3 Qd4 28. Qxd4 cxd4 29. Bd1 Nxc4 30. Rxe8+ Rxe8 31. Rd3 Nb2 32. Rxd4 Re3 33. Rd2 Nxd1 34. Nxd1 Rxb3 35. Nb2 Rb4 36. Rc2 Kf8 37. Nc4 Bxa4 38. Rc1 Bb3 39. Nxd6 Bxd5 40. Rc7 a5 41. Rxh7 Rb2 42. Ra7 Rxg2+ 43. Kf1 Rxh2 44. Nc8 Rb2 45. Ne7 Bc4+ 46. Kg1 Bf7 47. Nc6 Bd5 48. Ne5 Ke8 49. Kf1 Be4 50. Nxg6 Kd8 51. Ne5 Kc8 52. Nd7 Bb7 53. Nxb6+ Rxb6 54. Rxa5 Be4 55. Ke2 Rb3 56. Ra7 Rf3 57. Rg7 Rxf4 58. Ke3 Rf3+ 59. Kd4 Rd3+ 60. Ke5 Rd7 61. Rg8+ Kc7 62. Rg6 Re7+ 63. Kf4 Kd7 64. Ra6 Re6 65. Ra2 Kd6 66. Rd2+ Ke7 67. Rh2 Rf6 68. Ke5 Re6+ 69. Kf4 Kf6 70. Rh6+ Kf7 71. Rh7+ Kg6 72. Ra7 Bd5 73. Ra5 Re4+ 74. Kg3 Rd4 75. Ra7 f4+ 0-1

[Event "Blagoevgrad op"]
[Site "Blagoevgrad"]
[Date "2013.09.30"]
[Round "4"]
[White "Angelov, Zvetomir"]
[Black "Borisov, Kiril"]
[Result "1-0"]
[WhiteElo "2108"]
[BlackElo "1822"]
[PlyCount "111"]
[EventDate "2013.09.28"]
[EventType "swiss"]
[EventRounds "9"]
[EventCountry "BUL"]
[SourceTitle "CBM 156 Extra"]
[Source "ChessBase"]
[SourceDate "2013.10.22"]
[SourceVersion "1"]
[SourceVersionDate "2013.10.22"]
[SourceQuality "1"]

1. c4 Nf6 2. Nc3 e6 3. e4 d6 4. d4 Nbd7 5. Nf3 Be7 6. e5 dxe5 7. dxe5 Ng8 8. Qc2 Bb4 9. Bg5 Ne7 10. 0-0-0 Bxc3 11. Qxc3 c5 12. Bd3 Qc7 13. Bxe7 Kxe7 14. Rhe1 b6 15. Be4 Bb7 16. Qe3 Bxe4 17. Qg5+ Kf8 18. Rxe4 Qd8 19. Qd2 Ke8 20. Ng5 h6 21. Nxf7 Kxf7 22. Qxd7+ Qxd7 23. Rxd7+ Kg6 24. Rg4+ Kf5 25. Rgxg7 Kxe5 26. Rxa7 Kd4 27. Rg4+ Ke5 28. Rxa8 Rxa8 29. a3 Kf5 30. f3 h5 31. Re4 Rg8 32. g3 e5 33. Kc2 Rd8 34. h3 Rg8 35. g4+ hxg4 36. hxg4+ Kf6 37. Kb3 Rd8 38. Kc3 Rh8 39. b4 Rh3 40. Re3 Rh1 41. bxc5 bxc5 42. Kb3 Rc1 43. Rc3 Rb1+ 44. Kc2 Ra1 45. Kb2 Rd1 46. a4 Rd6 47. a5 Ra6 48. Ra3 Kg5 49. Kb3 e4 50. fxe4 Kxg4 51. Ka4 Kf4 52. Kb5 Ra8 53. Kxc5 Kxe4 54. Kb6 Kd4 55. a6 Kxc4 56. Kb7 1-0

[Event "Kesarovski Georgiev Memorial-B 12th"]
[Site "Sunny Beach"]
[Date "2013.09.06"]
[Round "7"]
[White "Kastner, Oldrich"]
[Black "Angelov, Zvetomir"]
[Result "1-0"]
[WhiteElo "2058"]
[BlackElo "2108"]
[PlyCount "65"]
[EventDate "2013.08.31"]
[EventType "swiss"]
[EventRounds "9"]
[EventCountry "BUL"]
[SourceTitle "CBM 156 Extra"]
[Source "ChessBase"]
[SourceDate "2013.10.22"]
[SourceVersion "1"]
[SourceVersionDate "2013.10.22"]
[SourceQuality "1"]

1. Nf3 Nf6 2. g3 d5 3. Bg2 c5 4. 0-0 Nc6 5. d4 e6 6. e3 Be7 7. dxc5 Bxc5 8. c4 0-0 9. Nbd2 Be7 10. b3 b6 11. Bb2 Ba6 12. Re1 Nb4 13. Qb1 Rc8 14. a3 Nc6 15. Rd1 Qc7 16. cxd5 Nxd5 17. b4 Bf6 18. Bxf6 Nxf6 19. b5 Nd5 20. Rc1 Qb7 21. Rxc6 Rxc6 22. bxc6 Qxc6 23. Nd4 Qd6 24. Qb2 h5 25. N2f3 Rd8 26. Rc1 Nf6 27. Qb4 Qd7 28. Ne5 Rc8 29. Rxc8+ Qxc8 30. Nec6 Kh8 31. Qe7 h4 32. Qd8+ Qxd8 33. Nxd8 1-0

[Event "Kesarovski Georgiev Memorial-B 12th"]
[Site "Sunny Beach"]
[Date "2013.09.01"]
[Round "2"]
[White "Simeonov, Ventzislav"]
[Black "Angelov, Zvetomir"]
[Result "0-1"]
[WhiteElo "1948"]
[BlackElo "2108"]
[PlyCount "75"]
[EventDate "2013.08.31"]
[EventType "swiss"]
[EventRounds "9"]
[EventCountry "BUL"]
[SourceTitle "CBM 156 Extra"]
[Source "ChessBase"]
[SourceDate "2013.10.22"]
[SourceVersion "1"]
[SourceVersionDate "2013.10.22"]
[SourceQuality "1"]

1. Nf3 d5 2. d4 Nf6 3. Bg5 Ne4 4. Bf4 c5 5. e3 Qb6 6. Qc1 Nc6 7. c3 Bg4 8. Nbd2 Nxd2 9. Nxd2 Rc8 10. dxc5 Qxc5 11. Nb3 Qb6 12. Bd3 e5 13. Bg3 e4 14. Bc2 Qa6 15. Bd1 Nb4 16. Qd2 Nd3+ 17. Kf1 Nxb2+ 18. Kg1 Nxd1 19. Rxd1 Bxd1 20. Qxd1 Qxa2 21. h3 Rxc3 22. Nd4 Qc4 23. Kh2 h5 24. Qa1 Ra3 25. Qb2 Qb4 26. Qc2 Qc5 27. Qb2 h4 28. Bf4 Qb4 29. Qc2 Qc5 30. Qb2 Qb4 31. Qc2 Rc3 32. Qa2 Bd6 33. Qxd5 Bxf4+ 34. exf4 0-0 35. Nf5 Re8 36. Nd6 Re6 37. Nxf7 Kxf7 38. f5 0-1

[Event "Corsica Masters op 16th"]
[Site "Bastia"]
[Date "2012.10.28"]
[Round "8"]
[White "Dimitrov, Pavel"]
[Black "Angelov, Zvetomir"]
[Result "1-0"]
[WhiteElo "2321"]
[BlackElo "2108"]
[PlyCount "109"]
[EventDate "2012.10.27"]
[EventType "swiss (rapid)"]
[EventRounds "9"]
[EventCountry "FRA"]
[SourceTitle "EXT 2013"]
[Source "ChessBase"]
[SourceDate "2012.11.22"]
[SourceVersion "1"]
[SourceVersionDate "2012.11.22"]
[SourceQuality "1"]

1. e4 c5 2. b4 cxb4 3. a3 bxa3 4. Bxa3 d6 5. d4 Nf6 6. Bd3 Nc6 7. c3 e6 8. Nf3 Be7 9. 0-0 0-0 10. Nbd2 e5 11. h3 d5 12. dxe5 Nxe5 13. Nxe5 Bxa3 14. Rxa3 Qe7 15. Qa4 Qxe5 16. f4 Qh5 17. e5 Nd7 18. Qd4 Nb6 19. f5 Bd7 20. Kh2 f6 21. e6 Bc6 22. Nf3 Qe8 23. Qf4 Qe7 24. Rfa1 a6 25. Nd4 Qc5 26. Rb3 Nc8 27. Qc7 Qd6+ 28. Qxd6 Nxd6 29. Nxc6 bxc6 30. Rb6 Rfc8 31. Raxa6 Rxa6 32. Rxa6 h5 33. g4 h4 34. Kg2 Nb7 35. Ra7 Nc5 36. Be2 Rb8 37. g5 fxg5 38. Bh5 Ne4 39. Bg6 Nf6 40. Rc7 Rb2+ 41. Kf3 g4+ 42. hxg4 Rb8 43. g5 Ne4 44. Kg4 h3 45. Kxh3 Nxg5+ 46. Kg4 Ne4 47. Kf4 Nf6 48. Rxc6 Kf8 49. Rc7 Kg8 50. e7 d4 51. c4 d3 52. Ke3 Ne8 53. Rd7 d2 54. Kxd2 Rb6 55. Bxe8 1-0

[Event "Mediterranean op 5th"]
[Site "Rijeka"]
[Date "2011.11.13"]
[Round "2"]
[White "Angelov, Zvetomir"]
[Black "Haznedaroglu, Kivanc"]
[Result "0-1"]
[WhiteElo "2122"]
[BlackElo "2426"]
[PlyCount "48"]
[EventDate "2011.11.11"]
[EventType "swiss"]
[EventRounds "9"]
[EventCountry "CRO"]
[SourceTitle "EXT 2012"]
[Source "ChessBase"]
[SourceDate "2011.11.24"]
[SourceVersion "1"]
[SourceVersionDate "2011.11.24"]
[SourceQuality "1"]

1. d4 d5 2. Nf3 Nf6 3. Bf4 c6 4. e3 Qb6 5. Qc1 Bf5 6. Nh4 Bg6 7. Nxg6 hxg6 8. h3 Nbd7 9. Nd2 e6 10. Bd3 c5 11. c3 Bd6 12. Bxd6 Qxd6 13. Nf3 e5 14. dxe5 Nxe5 15. Nxe5 Qxe5 16. Bb5+ Kf8 17. Be2 g5 18. Qd1 Rd8 19. 0-0 Rh4 20. Re1 Rd6 21. Bf1 Ne4 22. Re2 g4 23. Qe1 gxh3 24. f3 h2+ 0-1

[Event "Corsica Masters op 15th"]
[Site "Bastia"]
[Date "2011.10.22"]
[Round "1"]
[White "Angelov, Zvetomir"]
[Black "Fressinet, Laurent"]
[Result "0-1"]
[WhiteElo "2122"]
[BlackElo "2696"]
[PlyCount "70"]
[EventDate "2011.10.22"]
[EventType "swiss"]
[EventRounds "9"]
[EventCountry "FRA"]
[SourceTitle "EXT 2012"]
[Source "ChessBase"]
[SourceDate "2011.11.24"]
[SourceVersion "1"]
[SourceVersionDate "2011.11.24"]
[SourceQuality "1"]

1. c4 e5 2. Nc3 Nf6 3. Nf3 Nc6 4. g3 d5 5. cxd5 Nxd5 6. d3 Nb6 7. Bg2 Be7 8. 0-0 0-0 9. Be3 Be6 10. Ne4 Qd7 11. Nc5 Bxc5 12. Bxc5 Rfe8 13. b4 Bh3 14. Bxh3 Qxh3 15. b5 Nd8 16. Qb3 Qd7 17. a4 Nd5 18. Ng5 h6 19. Ne4 Ne6 20. Be3 b6 21. a5 f5 22. Nc3 Nxc3 23. Qxc3 f4 24. Bc1 Qxb5 25. gxf4 Nd4 26. Re1 Qd7 27. Qc4+ Kh8 28. Be3 b5 29. Qc3 Qg4+ 30. Kh1 Nxe2 31. Qc6 exf4 32. Bd4 f3 33. Qxh6+ Kg8 34. Rg1 Nxg1 35. Rxg1 Qxg1+ 0-1

[Event "Sunny Beach op"]
[Site "Sunny Beach"]
[Date "2008.11.29"]
[Round "3"]
[White "Angelov, Zvetomir"]
[Black "Angelov, Angel"]
[Result "1-0"]
[WhiteElo "2126"]
[BlackElo "2216"]
[PlyCount "65"]
[EventDate "2008.11.28"]
[EventType "swiss"]
[EventRounds "7"]
[EventCountry "BUL"]
[SourceTitle "EXT 2010"]
[Source "ChessBase"]
[SourceDate "2010.11.25"]
[SourceVersion "1"]
[SourceVersionDate "2010.11.25"]
[SourceQuality "1"]

1. c4 Nf6 2. Nc3 g6 3. e4 d6 4. d4 Bg7 5. Nf3 0-0 6. h3 c5 7. Be3 Nc6 8. Be2 cxd4 9. Nxd4 Bd7 10. 0-0 Rc8 11. Qd2 a6 12. Rac1 Re8 13. Rfd1 Qa5 14. Nb3 Qb4 15. Qc2 Na5 16. Nd2 Nc6 17. a3 Qa5 18. Nb3 Qc7 19. Nd5 Qb8 20. Nb6 Rcd8 21. Nd2 Be6 22. b4 Nd7 23. Nf3 Nxb6 24. Bxb6 Rc8 25. Ng5 Ne5 26. Nxe6 fxe6 27. Qb3 Rc6 28. Be3 Qc8 29. f4 Nd7 30. Bg4 Nf6 31. Bf3 e5 32. b5 axb5 33. cxb5+ 1-0

[Event "BUL-chT 58th"]
[Site "Borovetz"]
[Date "2008.10.03"]
[Round "3"]
[White "Angelov, Zvetomir"]
[Black "Spassov, Liuben"]
[Result "0-1"]
[WhiteElo "2126"]
[BlackElo "2417"]
[PlyCount "98"]
[EventDate "2008.10.01"]
[EventType "team-tourn"]
[EventRounds "7"]
[EventCountry "BUL"]
[SourceTitle "CBM 126 Extra"]
[Source "ChessBase"]
[SourceDate "2008.11.05"]
[SourceVersion "1"]
[SourceVersionDate "2008.11.05"]
[SourceQuality "1"]
[WhiteTeam "Tarnovo Bulmex"]
[BlackTeam "Plovdiv Lokomotiv 2000"]
[WhiteTeamCountry "BUL"]
[BlackTeamCountry "BUL"]

1. c4 c5 2. Nc3 g6 3. Nf3 Bg7 4. g3 Nc6 5. Bg2 d6 6. 0-0 Qd7 7. e3 Bxc3 8. dxc3 b6 9. e4 f6 10. Ne1 Bb7 11. Nc2 h5 12. h3 0-0-0 13. a4 e6 14. b4 a5 15. Rb1 Kc7 16. Na3 Nge7 17. Nb5+ Kb8 18. Bf4 Nc8 19. bxc5 e5 20. Be3 dxc5 21. Qb3 g5 22. Rb2 Qe7 23. Na3 Ba6 24. Rfb1 Rd7 25. Bf3 Ka8 26. Qc2 Qe6 27. Qe2 Qxh3 28. Rxb6 Nxb6 29. Rxb6 Bb7 30. Bxc5 Rhd8 31. Rb1 Rd2 32. Qe1 h4 33. Be3 R2d7 34. c5 hxg3 35. fxg3 Rh7 36. Nb5 Qh2+ 37. Kf1 Bc8 38. Qf2 Qxf2+ 39. Kxf2 Be6 40. Nd6 Rb8 41. Nb5 Bc4 42. Kg1 Na7 43. Ra1 Nxb5 44. axb5 Rxb5 45. Bd1 Kb7 46. Ba4 Rb2 47. Bc1 Re2 48. c6+ Kc8 49. Rb1 Rhh2 0-1